000
00285nam a2200109Ia 4500
008
191201s2019 xx 000 0 und d
100
_a
HALVORSON, Michael
245
0
_a
Microsoft Visual Basic 6.0 Professional Step by Step
250
_a
2nd
260
_b
PHI
_a
New Delhi
942
_2
ddc
_c
BK
999
_c
7952
_d
7952